00776nam a2200205 i 450000100060000000300090000600500170001500700030003200800410003508000260007610000400010224500800014226000440022230000200026665100580028671000580034485200240040299900170042695201270044341386ES-MaACL20231221145740.0t|030310s1875 sp ||||1| spa d a32(460)"1868/74"(093)1 aCastelar, Emilio,d1832-189993647910aDiscursos parlamentarios de D. Emilio Castelar en la Asamblea Contituyente. aMadrid : b[s.n.], c1875 (fJ. Peña) a3 v. ; c18 cm. 4aEspaña-xPolítica y gobierno-y1868-1874.91748891 aEspaña. bCortes Constituyentes (1869-1871)91727204 aES-MaACLjF-8868-70 c41386d41386 001040708LIBXIXaATENEOMbATENEOMcSPP2d2008-01-17eSCl0oF-8868-70p1043568r2023-02-23 00:00:00w2023-02-23yMONANT